书目信息 |
| 题名: |
跳水竞赛规则
|
|
| 作者: | ;国家体育运动委员会 审定 | |
| 分册: | ||
| 出版信息: | 北京 人民体育出版社 1983 |
|
| 页数: | 34页 | |
| 开本: | 19cm | |
| 丛书名: | ||
| 单 册: | ||
| 中图分类: | G861.24 | |
| 科图分类: | ||
| 主题词: | 跳水-竞赛规则--1982 , 竞赛规则-跳水--1982 , 水上运动 , 冰上运动 , 雪上运动 | |
| 电子资源: | ||
| ISBN: | ||
| 000 | 00816nam0 2200301 45 | |
| 001 | 0183010931 | |
| 005 | 20040507141521.0 | |
| 010 | @dCNY0.26 | |
| 091 | @a7015.2091 | |
| 100 | @a19950623d1983 em y0chiy0121 ea | |
| 101 | 0 | @achi |
| 102 | @aCN@b110000 | |
| 105 | @ay z 000yy | |
| 106 | @ar | |
| 200 | 10 | @a跳水竞赛规则@Atiao shui jing sai gui ze@e1982@f国家体育运动委员会审定 |
| 205 | @a4版 | |
| 210 | @a北京@c人民体育出版社@d1983 | |
| 215 | @a34页@d19cm | |
| 606 | @a跳水-竞赛规则@z1982 | |
| 606 | @a竞赛规则-跳水@z1982 | |
| 606 | 0 | @a水上运动 |
| 606 | 0 | @a冰上运动 |
| 606 | 0 | @a雪上运动 |
| 690 | @aG861.24 | |
| 711 | 02 | @a国家体育运动委员会@Aguo jia ti yu yun dong wei yuan hui@4审定 |
| 801 | 0 | @aCN@b上海图书馆@c20040507 |
| 801 | 2 | @aCN@bNLC@c20040507 |
| 905 | @f1@b220442@dG861.24@e3=4 | |
| 跳水竞赛规则:1982/国家体育运动委员会审定.-4版.-北京:人民体育出版社,1983 |
| 34页;19cm |
| ISBN :CNY0.26 |
| ● |
| 相关链接 |
|
|
|
|
正题名:跳水竞赛规则
索取号:G861.24/3=4
 
预约/预借
| 序号 | 登录号 | 条形码 | 馆藏地/架位号 | 状态 | 备注 |
| 1 | 0217446 | 000307028 | 第一样本阅览室/ [索取号:G861.24/3=4] | 在馆 | |
| 2 | 0220442 | 000307082 | 密集书库/ [索取号:G861.24/3=4] | 在馆 |